Yokai Watch 1 : yokais par images - Statistiques

Statistiques générales
  • Ce quiz a été pris 90 fois
  • Le résultat moyen est 104 sur 241
Statistiques - réponses
Par images Réponse % Correct
Jibanyan
83%
Komasan
75%
Cigalopin
71%
Feulion
71%
Tengu
71%
Kyubi
69%
Cho-Cho
68%
Komajiro
68%
Loubarbare
68%
Castelius 1
66%
Castelius 2
66%
Castelius 3
66%
Granpapéti
66%
Jojojoyeux
66%
Lulugubre
66%
Robonyan
66%
Whisper
66%
Bandinyan
64%
Dédé
64%
Nanpart
64%
Noko
64%
Baku
63%
Crocho
63%
Octorgone
63%
Rubinyan
63%
Corniot
61%
Epinyan
61%
Octorgombre
61%
Télémir
61%
Heaumer
59%
Kappacap
59%
Pandanoko
59%
Potofeu
59%
Shogunyan
59%
Woko
59%
Diamanyan
58%
Fouetar
58%
Gargaros
58%
Oronyan
58%
Saphinyan
58%
Castelius Max
56%
Cupistol
56%
Dracounet
56%
Flamente
56%
Marra
56%
Pégaz
56%
Salsalga
56%
Toumou
56%
Toutouie
56%
Boulapic
54%
Cabotin
54%
Emeranyan
54%
Hiblusion
54%
Pitou
54%
Blablara
53%
Claquille
53%
Nuiroir
53%
Padelou
53%
Puissanfon
53%
Ragioni
53%
Siro
53%
Sumochi
53%
Tata Calin
53%
Timidemon
53%
Donjuant
51%
Humidon
51%
Ogralos
51%
Padrézo
51%
Supernoël
51%
Topanyan
51%
Tortico
51%
Bananar
49%
Chaipô
49%
Chiperpiou
49%
Egaroni
49%
Komashura
49%
Lamlam'mou
49%
Malmidal
49%
MC kracken
49%
Morvobec
49%
Noripop
49%
Passpa
49%
Sabri
49%
Tontonerre
49%
Choubidou
47%
Etna magma
47%
Hauber
47%
Insomnelle
47%
Mémétal
47%
Ninjamévu
47%
Tengubre
47%
Appak
46%
B3NK1
46%
Benkei
46%
Carpitaine
46%
Chauv'coucou
46%
Dragô
46%
Komaous
46%
Pachycoul
46%
Papa Ress
46%
Triptik
46%
Amirâl
44%
Angelik
44%
Babalance
44%
Barakabo
44%
Camaieul
44%
Dente
44%
Dynamo
44%
Espi
44%
Nénunoko
44%
Pagno
44%
Tapur
44%
Volteface
44%
Amoiz
42%
Bonneto
42%
Croquin
42%
Damona
42%
Darabajoie
42%
Gagalurin
42%
Nihilistik
42%
Pikor
42%
Tata aura
42%
Tengurou
42%
Chihuaglagla
41%
Cigazouille
41%
Dédéstin
41%
Frèrosse
41%
Gorgouille
41%
Granpart
41%
Komistigri
41%
Mochimacho
41%
Nomoné
41%
Poteaumorose
41%
Alfoncéo
39%
Bibliotengu
39%
Bicorniot
39%
Cenridion
39%
Cigaillard
39%
Hibourling
39%
Jouvencia
39%
Marcognito
39%
Orox
39%
Ressak
39%
Sir dragon
39%
Vitapillon
39%
Zerberker
39%
Bababou
37%
Bouldacier
37%
Etassivilia
37%
Flopito
37%
Goruma
37%
Hémorhino
37%
Maltesse
37%
Murhaine
37%
Nonjuan
37%
Orquanos
37%
Papiltation
37%
Racaïd
37%
Scarnage
37%
Scatcheur
37%
Tendino
37%
Vibrilion
37%
Vipèral
37%
Coléroptère
36%
Emettor
36%
Hibrouille
36%
Lama laya
36%
Margoth
36%
Misterre
36%
Onisoi
36%
Samoumouraï
36%
Squèlebelle
36%
Darumastar
34%
Dr Jobard
34%
Jacquasseur
34%
Kongel
34%
Nihilo
34%
Papiltension
34%
Porcinator
34%
Squarlet
34%
Volibrius
34%
Bastata
32%
Contrarioni
32%
Corniaque
32%
Eterna
32%
Hydreux
32%
Hyprapillon
32%
Inamygal
32%
Matchou
32%
Méphito
32%
Méroubadour
32%
Persévéfant
32%
Belzel
31%
Bushidos
31%
Chauvkipeut
31%
Délujien
31%
Didgeai
31%
Ecchinose
31%
Grattoptère
31%
Kappaloha
31%
Kapunki
31%
Morphéa
31%
Nimpégase
31%
Ombraptor
31%
Omnitonton
31%
rattatam
31%
Satandre
31%
Tourneboul
31%
Vénaldo
31%
Violette
31%
Cerbebert
29%
Inisquale
29%
Misterbide
29%
No Problemo
29%
Paradoxa
29%
Sabroclair
29%
Styx 6
29%
Sushiyama
29%
Umilie
29%
Vampiloc
29%
Volatriste
29%
Contracto
27%
Emousstik
27%
Ralbouc
27%
Scarmouche
27%
Urnaconda
27%
vipètesec
27%
Fryzeur
25%
Nébulor
25%
Vexturgeon
25%
Cocpille
24%
Froahuahua
24%
Pr létripe
22%
Rhinolimit
22%
Hagacurée
20%
Saumhonni
20%
Vipairflay
20%
Rencornet
15%
Anghihihile
12%
Hennemi
8%
Suspicioni
7%
Aucun quiz correspondant
Distribution des résultats
% des personnes avec chaque résultat
Percentile par nombre de réponses
Votre historique - résultats
Vous n’avez pas pris ce quiz